|
|
|
|
| LEADER |
00000cam a2200000 7i4500 |
| 001 |
0000013789 |
| 005 |
20080129.0 |
| 008 |
290108 |
| 020 |
|
|
|a 9833423701
|
| 090 |
0 |
0 |
|a 297.216
|b IBR
|
| 100 |
1 |
|
|a Ibrahim Abdul Alim Abdul Bar
|
| 245 |
1 |
0 |
|a Kajian terperinci kerasukan syaitan & sihir
|c Ibrahim Abdul Alim Abdul Bar
|
| 260 |
|
|
|a Kuala Lumpur :
|b Jasmin Enterprise ,
|c 2006
|
| 650 |
|
0 |
|a Devil
|x Islam
|
| 650 |
|
0 |
|a Jin
|
| 999 |
|
|
|a 0001006224
|b Book
|c Adult Collection
|e Perbadanan Perpustakaan Awam Johor
|
| 999 |
|
|
|a 0001006225
|b Book
|c Adult Collection
|e Cawangan Urban Transformation Centre
|
| 999 |
|
|
|a 0001006226
|b Book
|c Adult Collection
|e Perbadanan Perpustakaan Awam Johor
|